The Characters of Fire Emblem: Radiant Dawn by Picture - Statistics

General Stats
  • This quiz has been taken 26 times
  • The average score is 66 of 73
Answer Stats
Picture Answer % Correct
Boyd
100%
Haar
100%
Ike
100%
Leonardo
100%
Lethe
100%
Lucia
100%
Oscar
100%
Ranulf
100%
Soren
100%
Sothe
100%
The Black Knight
100%
Volke
100%
Astrid
96%
Brom
96%
Devdan
96%
Ena
96%
Jill Fizzart
96%
Kurthnaga
96%
Makalov
96%
Meg
96%
Mia
96%
Micaiah
96%
Mist
96%
Mordecai
96%
Nephenee
96%
Oliver
96%
Rhys
96%
Rolf
96%
Tibarn
96%
Titania
96%
Edward
92%
Elincia
92%
Geoffrey
92%
Giffca
92%
Heather
92%
Ilyana
92%
Leanne
92%
Marcia
92%
Naesala
92%
Nasir
92%
Reyson
92%
Sanaki
92%
Shinon
92%
Stefan
92%
Tanith
92%
Tormod
92%
Zihark
92%
Calill
88%
Janaff
88%
Kieran
88%
Pelleas
88%
Rafiel
88%
Ulki
88%
Bastian
85%
Fiona
85%
Gatrie
85%
Lyre
85%
Nailah
85%
Sephiran
85%
Tauroneo
85%
Vika
85%
Aran
81%
Caineghis
81%
Laura
81%
Muarim
81%
Nolan
81%
Volug
81%
Kyza
77%
Skrimir
73%
Nealuchi
69%
Sigrun
69%
Gareth
58%
Renning
58%
No matching quizzes found
Score Distribution
Percent of People with Each Score
Percentile by Number Answered
Your Score History
You have not taken this quiz